书目信息 |
| 题名: |
播音员主持人语言文字规范手册
|
|
| 作者: | 李蓓蓓 , 卢智 主编 ;上海广播电视台播音主持业务指导委员会 编 | |
| 分册: | 分类篇 | |
| 出版信息: | 上海 上海人民出版社 2015 |
|
| 页数: | 252页 | |
| 开本: | 21cm | |
| 丛书名: | ||
| 单 册: | ||
| 中图分类: | G222.2-62 , H102-62 | |
| 科图分类: | ||
| 主题词: | 播音--bo yin--汉语规范化--手册 , 主持人--zhu chi ren--汉语规范化--手册 | |
| 电子资源: | ||
| ISBN: | 978-7-208-13294-8 | |
| 000 | 01273nam 2200313 45 | |
| 001 | 012001003680 | |
| 005 | 20131014090626.0 | |
| 010 | @a978-7-208-13294-8@dCNY48.00 | |
| 099 | @aCAL 012016017326 | |
| 100 | @a20160105d2015 em y0chiy50 ea | |
| 101 | 0 | @achi |
| 102 | @aCN@b310000 | |
| 105 | @ak z 000yy | |
| 106 | @ar | |
| 200 | 1 | @a播音员主持人语言文字规范手册@Abo yin yuan zhu chi ren yu yan wen zi gui fan shou ce@i分类篇@f上海广播电视台播音主持业务指导委员会编 |
| 210 | @a上海@c上海人民出版社@d2015 | |
| 215 | @a252页@d21cm | |
| 314 | @a本书主编: 李蓓蓓, 卢智 | |
| 330 | @a本书所收内容, 都是从播音主持日常工作常见的误读字词中收集、整理、辑选的, 并按照国家语言文字工作委员会、国家教委、广播电视部1985年12月颁布的关于《普通话异读词审音表》的通知要求, 按《审音表》进行编纂、检查、定稿。 | |
| 517 | 1 | @a分类篇@Afen lei pian |
| 606 | 0 | @a播音@Abo yin@x汉语规范化@j手册 |
| 606 | 0 | @a主持人@Azhu chi ren@x汉语规范化@j手册 |
| 690 | @aG222.2-62@v5 | |
| 690 | @aH102-62@v5 | |
| 701 | 0 | @a李蓓蓓@Ali bei bei@4主编 |
| 701 | 0 | @a卢智@Alu zhi@4主编 |
| 711 | 02 | @a上海广播电视台播音主持业务指导委员会@Ashang hai guang bo dian shi tai bo yin zhu chi ye wu zhi dao wei yuan hui@4编 |
| 801 | @b江苏凤凰@c20191020 | |
| 905 | @b1233628-33@dG222.2-62@e238@f6 | |
| 播音员主持人语言文字规范手册.分类篇/上海广播电视台播音主持业务指导委员会编.-上海:上海人民出版社,2015 |
| 252页;21cm |
| ISBN 978-7-208-13294-8:CNY48.00 |
| 本书所收内容, 都是从播音主持日常工作常见的误读字词中收集、整理、辑选的, 并按照国家语言文字工作委员会、国家教委、广播电视部1985年12月颁布的关于《普通话异读词审音表》的通知要求, 按《审音表》进行编纂、检查、定稿。 |
| ● |
| 相关链接 |
|
|
|
|
正题名:播音员主持人语言文字规范手册
索取号:G222.2-62/238
 
预约/预借
| 序号 | 登录号 | 条形码 | 馆藏地/架位号 | 状态 | 备注 |
| 1 | 1233628 | 212336284 | 第一样本阅览室/ [索取号:G222.2-62/238] | 在馆 | |
| 2 | 1233629 | 212336293 | 第四借阅区/ [索取号:G222.2-62/238] | 在馆 | |
| 3 | 1233630 | 212336300 | 第四借阅区/ [索取号:G222.2-62/238] | 在馆 | |
| 4 | 1233631 | 212336319 | 教育系资料室/ [索取号:G222.2-62/238] | 在馆 | |
| 5 | 1233632 | 212336328 | 教育系资料室/ [索取号:G222.2-62/238] | 在馆 | |
| 6 | 1233633 | 212336337 | 教育系资料室/ [索取号:G222.2-62/238] | 在馆 |